Friends 7-to-1 Quiz Stats

 Plays Quiz Updated Jun 26, 2017

Support Sporcle.
Go Orange.
Score 0/28 Timer 05:00
3 Plays Today
% Correct
Smelly Cat
98.6%
Shower Song
96.5%
Sticky Shoes
96.3%
The Cow in the Meadow
96.2%
IT Procurement Manager
95.1%
Junior Advertising Copywriter
94.9%
I Play for Me
94.4%
Julia Roberts
93.8%
Amy
93.8%
Alec Baldwin
93.8%
Ursula
93.5%
Jill
93.4%
Gunther
92.9%
Mother's Ashes
92.6%
% Correct
Barry Farber
92.2%
Emily Waltham
92.1%
Dina
92.1%
Rachel Green
91.9%
Joshua Burgin
91.6%
Carol Willick
91.3%
Paolo
90%
Tag Jones
89.5%
Mary-Angela
89.3%
Joey Tribbiani
88.7%
Helen Hunt
88.6%
Susan Sarandon
87.5%
Snowman
86.4%
Cookie
73.2%

You're not logged in!

Compare scores with friends on all Sporcle quizzes.
OR
Log In
Forgot?

From the Vault

Wrestling Tag Teams, Stables and Factions

by amaranth

All these teams in one place? It's about to get crowded.
Remove Ads.
Support Sporcle.
Get the best of Sporcle when you Go Orange. This ad-free experience offers more features, more stats, and more fun while also helping to support Sporcle. Thank you for becoming a member.

Show Comments

Extras

Top Quizzes Today


Score Distribution

Your Account Isn't Verified!

In order to create a playlist on Sporcle, you need to verify the email address you used during registration. Go to your Sporcle Settings to finish the process.

Report this User

Report this user for behavior that violates our Community Guidelines.

Details: